| 000 | 00510nam a2200193Ia 4500 | ||
|---|---|---|---|
| 005 | 20140402082407.0 | ||
| 008 | 140130s9999 xx 000 0 und d | ||
| 020 | _a9781606310571 | ||
| 050 |
_aBL 795.H46 _b.Ot38 2010 |
||
| 100 |
_aOtfinoski, Steven _96573 |
||
| 245 |
_cSteven Otfinoski. _aMythlopedia All in the family |
||
| 260 |
_bScholastic, _c2010. _aUSA : |
||
| 300 |
_a126 p. : _bcol. ill. ; _c24 cm. |
||
| 440 |
_v1 _931174 |
||
| 521 | _aG7 | ||
| 526 | _c880 | ||
| 942 |
_cBK _2lcc |
||
| 999 |
_c41253 _d41253 |
||